Score 0/22 Timer 02:00
0 Plays Today
Quote Missing Word % Correct
How ___ doin'?you
97%
Hey, ___, hey.hey
94.6%
Read my ___: no new taxes!lips
92.7%
Is that your final ___?answer
90.8%
Silly ___, Trix are for kids.rabbit
83.1%
Come on ___.down
78.9%
Have you no ___ of decency?sense
75.5%
No ___ for you!soup
74.1%
The __ has spoken.tribe
73%
I love it when a ___ comes together.plan
70.8%
Up your ___ with a rubber hose.nose
69.4%
Quote Missing Word % Correct
I'm not a ___...crook
61.9%
Book 'em, ___.Danno
61.8%
___ always liked you best.Mom
56.9%
God'll ___ you for thatget
55%
How ___ it is!sweet
53.2%
___ to the O.C., b****.Welcome
52.5%
___ whoopieMakin'
51.6%
Gee, Mrs. ___...Cleaver
50.1%
Senator, you're no Jack ___.Kennedy
38.8%
Nip ___!It
33.9%
We've got a really ___ show!big
27.4%

Today's Daily Dose

Come Together.
Have Fun.
All Virtual.
We all need to come together. Play Sporcle's virtual live trivia to have fun, connect with people, and get your trivia on. Join a live hosted trivia game for your favorite pub trivia experience done virtually. If a virtual private party is more your thing, go here for details.

You're not logged in!

Compare scores with friends on all Sporcle quizzes.
OR
Log In

Sporcle TV

Today on Sporcle TV


Watch our educational content, quiz creation guides, and fun videos on Sporcle TV.

Show Comments

Extras

Top Quizzes Today


Score Distribution

Paid Content

Your Account Isn't Verified!

In order to create a playlist on Sporcle, you need to verify the email address you used during registration. Go to your Sporcle Settings to finish the process.

Report this User

Report this user for behavior that violates our Community Guidelines.

Details: